| 000 | 00888 a2200205 4500 | ||
|---|---|---|---|
| 003 | Nust | ||
| 005 | 20221222093600.0 | ||
| 010 | _a 45000923 | ||
| 040 | _cNust | ||
| 082 | _a331.1,BEV | ||
| 100 |
_aBeveridge, William Henry, _9105611 |
||
| 245 |
_aFull employment in a free society / _cWilliam H. Beveridge |
||
| 250 | _a1st [American] ed | ||
| 260 |
_aW.W. Norton _bNew York : _cc1945 |
||
| 300 |
_a429 p _b ill. _c22 cm |
||
| 505 | _aIntroduction And Summary (Page-17), Unemployment In Peace (Page-40), Full Employment In War (Page-110), A Full Employment Policy For Peace (Page-124), Internal Implications Of Full Employment(Page-194), International Implications Of Full Employment (Page-208), Full Employment And Social Conscience (Page-242). | ||
| 600 |
_aBeveridge, William Henry, _9105611 |
||
| 650 |
_aFull employment in a free society _9105612 |
||
| 942 |
_2ddc _cBK _k331.1,BEV |
||
| 999 |
_c184618 _d184618 |
||